| 000 | 00605nam a2200205Ia 4500 | ||
|---|---|---|---|
| 008 | 160803s9999 xx 000 0 und d | ||
| 020 | _a0439203023 (paperback) | ||
| 100 | _aPeterson, John | ||
| 245 | 4 | _aThe Littles get trapped / | |
| 245 | _cadapted by Teddy Slater from The Littles and the big storm by John Peterson ; illustrated by Jacqueline Rogers. | ||
| 260 | _aNew York : | ||
| 260 | _bScholastic Inc. | ||
| 260 | _c2001 | ||
| 300 | _a32 pages : | ||
| 300 | _bcolor illustrations ; | ||
| 300 | _c22 cm. | ||
| 440 | _aLittles first readers. | ||
| 650 | _aFantasy. | ||
| 700 | _a160 | ||
| 999 |
_c299676 _d299676 |
||